header

Religious dimensions of child and family life (Record no. 88654)

MARC details
000 -LEADER
fixed length control field 01603nam a2200361Ia 4500
245 00 - TITLE STATEMENT
Title Religious dimensions of child and family life
260 ## - PUBLICATION, DISTRIBUTION, ETC. (IMPRINT)
Place of publication Victoria, BC :
Name of publisher University of Victoria, Centre for Studies in Religion and Society,
Year of publication c1996.
300 ## - PHYSICAL DESCRIPTION
Number of Pages 203 p.
500 ## - GENERAL NOTE
General note "Distributed by Wilfrid Laurier University Press".
650 #0 - SUBJECT ADDED ENTRY--TOPICAL TERM
Topical Term Child rearing
Topical Term Families
Topical Term Children's rights.
700 1# - ADDED ENTRY--PERSONAL NAME
Personal name Coward, Harold G.
Personal name Cook, Philip H.
856 40 - ELECTRONIC LOCATION AND ACCESS
Uniform Resource Identifier http://site.ebrary.com/lib/rucke/Doc?id=10147164

No items available.

© 2026 Rongo University
Contact us: librarian | system librarian | Rongo university